Contaminación industrial del aire por plomo
Gardado en:
| Autor Principal: | |
|---|---|
| Formato: | Libro |
| Publicado: |
[San José , Costa Rica]
1986
|
| Materias: | |
| Etiquetas: |
Engadir etiqueta
Sen Etiquetas, Sexa o primeiro en etiquetar este rexistro!
|
MARC
| LEADER | 00000nam a2200000Ia 4500 | ||
|---|---|---|---|
| 003 | 004256 | ||
| 005 | 20221231144351.0 | ||
| 008 | 140114s1986 cr a m 000 ||s d | ||
| 040 | |c cru CEDI | ||
| 090 | |a TFG 1928 | ||
| 100 | |a Avendaño Gutiérrez, Anabell |9 13992 | ||
| 245 | |a Contaminación industrial del aire por plomo | ||
| 260 | |c 1986 |a [San José , Costa Rica] | ||
| 300 | |a xii, 103 hojas : ilustraciones ; 28 cm | ||
| 500 | |a Proyecto de graduación (licenciatura en ingeniería química)--Universidad de Costa Rica. Facultad de Ingeniería. Escuela de Ingeniería Química | ||
| 650 | |x CONTAMINACION DEL AIRE |x PLOMO |9 13993 | ||
| 942 | |c TFG | ||
| 999 | |c 20825 |d 20825 | ||
